Chats to violin students on how to study the violin. Preface & Annotations by Henry Saint-George. Third edition

Sparad:
Bibliografiska uppgifter
Huvudupphovsman: Carrodus, J. T. (Författare, medförfattare)
Materialtyp: Bok
Språk:engelska
Publicerad: Londres Charles Scribner's son 1911
Upplaga:3a. ed
Serie:Strad Library, 2
Ämnen:
Taggar: Lägg till en tagg
Inga taggar, Lägg till första taggen!

MARC

LEADER 00000nam a2200000 a 4500
001 UCJ7274
003 CL-VaPUC
008 070124e19110000UK |||||||||||||||||eng|d
082 0 4 |a 780  |b CAR  |2 21 
100 0 |a Carrodus, J. T.  |e author  |9 515545 
245 1 0 |a Chats to violin students on how to study the violin. Preface & Annotations by Henry Saint-George. Third edition 
250 |a 3a. ed 
300 |a xi, 82 p 
942 |c BK 
945 |d 20070124 00:00:00  |a rinostro 
260 |a Londres  |b Charles Scribner's son  |c 1911 
500 |a Fotografía del autor 
650 0 |a Instrumentos musicales  |9 306600 
650 0 |a Violín  |9 390065 
650 7 |a DIDACTICA MUSICAL  |2 CL-VaPUC  |9 515546 
650 0 |a Iconografía   |9 267998 
583 |a last modification  |c 20070124 00:00:00  |k Rodrigo Vera 
490 0 |a Strad Library, 2 
999 |c 323370  |d 323368 
952 |0 0  |1 0  |4 0  |6 780_000000000000000_CAR_1911  |7 0  |8 X  |9 402926  |a FDOBUD  |b FDOBUD  |d 2019-11-22  |i 1060902  |o 780 CAR 1911  |p 1060902  |r 2019-11-22  |w 2019-11-22  |y BK_X  |k BUD